Социальная психология студенчества: учебное пособие

Bibliografiske detaljer
Hovedforfatter: Кондратьев Ю. М. Юрий Михайлович
Institution som forfatter: Московский психолого-социальный институт (МПСИ)
Summary:В настоящем учебном пособии достаточно детально дана характеристика специфики ученического сообщества как одной из разновидностей малой группы, описаны и проанализированы основные подходы к психологической природе феномена межличностной значимости, представлена оценка степени разработанности социально—психологических аспектов психологии студенчества. Книга предлагает читателю богатый фактологический и экспериментально полученный материал, позволяющий содержательно описать особенности отношений межличностной значимости в системах «студент - студент» и «педагог - студент», В рамках учебного пособия представлена авторская программа учебного курса «Социальная психология студенчества». Пособие адресовано преподавателям и студентам вузов, психологам вузовской психологической службы, а также всем тем, кто интересуется проблемами психологии студенчества.
Sprog:russisk
Udgivet: Москва, Изд-во Московского психолого-социального ин-та, 2006
Fag:
Format: Bog
KOHA link:https://koha.lib.tpu.ru/cgi-bin/koha/opac-detail.pl?biblionumber=121261

MARC

LEADER 00000nam0a2200000 4500
001 121261
005 20231031125333.0
010 |a 5977000014 
035 |a (RuTPU)RU\TPU\book\131328 
090 |a 121261 
100 |a 20070912d2006 m y0rusy50 ca 
101 0 |a rus 
102 |a RU 
105 |a y j 001zy 
200 1 |a Социальная психология студенчества  |e учебное пособие  |f Ю. М. Кондратьев  |g Московский психолого-социальный институт (МПСИ) 
210 |a Москва  |c Изд-во Московского психолого-социального ин-та  |d 2006 
215 |a 156 с. 
320 |a Рекомендуемая литература: с. 147-148. 
330 |a В настоящем учебном пособии достаточно детально дана характеристика специфики ученического сообщества как одной из разновидностей малой группы, описаны и проанализированы основные подходы к психологической природе феномена межличностной значимости, представлена оценка степени разработанности социально—психологических аспектов психологии студенчества. Книга предлагает читателю богатый фактологический и экспериментально полученный материал, позволяющий содержательно описать особенности отношений межличностной значимости в системах «студент - студент» и «педагог - студент», В рамках учебного пособия представлена авторская программа учебного курса «Социальная психология студенчества». Пособие адресовано преподавателям и студентам вузов, психологам вузовской психологической службы, а также всем тем, кто интересуется проблемами психологии студенчества. 
610 1 |a психология 
610 1 |a педагогика 
610 1 |a педагогическая психология 
610 1 |a социальная психология 
610 1 |a образование 
610 1 |a студенты 
610 1 |a студенчество 
610 1 |a межличностные отношения 
610 1 |a преподаватели 
610 1 |a учебные пособия 
686 |a Ю940я73  |v LBC/SL-A  |2 rubbk 
700 1 |a Кондратьев  |b Ю. М.  |g Юрий Михайлович 
712 0 2 |a Московский психолого-социальный институт (МПСИ)  |2 stltpush  |3 (RuTPU)RU\TPU\col\10702 
801 1 |a RU  |b 63413507  |c 20070912  |g PSBO 
801 2 |a RU  |b 63413507  |c 20150618  |g PSBO 
942 |c BK 
959 |a 55/20070911  |d 2  |e 314,60  |f АНЛ:1  |f ЧЗГЛ:1